|
|
|
|
| LEADER |
00000nam0a2200000 4500 |
| 001 |
287327 |
| 005 |
20231101235958.0 |
| 020 |
|
|
|a RU
|b 85-7427
|
| 035 |
|
|
|a (RuTPU)RU\TPU\book\311722
|
| 035 |
|
|
|a RU\TPU\book\307326
|
| 090 |
|
|
|a 287327
|
| 100 |
|
|
|a 20150314d1985 k y0rusy5003 ca
|
| 101 |
0 |
|
|a rus
|
| 102 |
|
|
|a RU
|
| 105 |
|
|
|a a z 001zy
|
| 200 |
1 |
|
|a Проблемы системотехники и АСУ
|e межвузовский сборник
|f Северо-Западный заочный политехнический институт (СЗПИ) ; под ред. В. И. Николаева
|
| 210 |
|
|
|a Ленинград
|c Изд-во СЗПИ
|d 1985
|
| 215 |
|
|
|a 142 с.
|c ил.
|
| 320 |
|
|
|a Библиография в конце статей
|
| 606 |
|
|
|a Автоматические системы управления
|2 stltpush
|3 (RuTPU)RU\TPU\subj\813
|9 29619
|
| 606 |
|
|
|a Системотехника
|2 stltpush
|3 (RuTPU)RU\TPU\subj\54986
|9 73059
|
| 610 |
1 |
|
|a банки данных
|
| 610 |
1 |
|
|a данные
|
| 610 |
1 |
|
|a структурно-сложные системы
|
| 610 |
1 |
|
|a надежность
|
| 610 |
1 |
|
|a П-графы
|
| 610 |
1 |
|
|a язык Лисп
|
| 610 |
1 |
|
|a проектирование
|
| 610 |
1 |
|
|a реляционный доступ
|
| 610 |
1 |
|
|a потенциал
|
| 610 |
1 |
|
|a интеллектуальные системы
|
| 610 |
1 |
|
|a применение
|
| 610 |
1 |
|
|a надежность
|
| 675 |
|
|
|a 681.51
|v 3
|
| 675 |
|
|
|a 681.51.012
|v 3
|
| 702 |
|
1 |
|a Николаев
|b В. И.
|4 340
|
| 712 |
0 |
2 |
|a Северо-Западный заочный политехнический институт (СЗПИ)
|c (Ленинград)
|2 stltpush
|3 (RuTPU)RU\TPU\col\2602
|
| 801 |
|
0 |
|a RU
|b RuMRKP
|c 19950704
|g psbo
|
| 801 |
|
1 |
|a RU
|b 63413507
|c 20150205
|
| 801 |
|
2 |
|a RU
|b 63413507
|c 20180207
|g RCR
|
| 942 |
|
|
|c BK
|